|
|
|
|
| LEADER |
00930nam a2200253 a 4500 |
| 001 |
11956096 |
| 008 |
111119s2001 txua b 001 0 eng |
| 010 |
|
|
|a 00102670
|
| 020 |
|
|
|a 0155073184
|
| 040 |
|
|
|a DLC
|c DLC
|d DLC
|b D-DhAAL
|
| 042 |
|
|
|a pcc
|
| 050 |
0 |
0 |
|a PN4781
|b .F4 2001
|
| 082 |
0 |
0 |
|a 070.4/3
|2 21
|
| 245 |
1 |
0 |
|a Reporting for the media /
|c Fred Fedler ... [et al.].
|
| 250 |
|
|
|a 7th ed.
|
| 260 |
|
|
|a Fort Worth :
|b Harcourt College Publishers,
|c c2001.
|
| 300 |
|
|
|a xviii, 628 p. :
|b ill. ;
|c 28 cm.
|
| 504 |
|
|
|a Includes bibliographical references and index.
|
| 541 |
|
|
|e 00013305
|
| 650 |
|
0 |
|a Reporters and reporting
|v Problems, exercises, etc.
|
| 700 |
1 |
|
|a Fedler, Fred.
|
| 852 |
1 |
|
|a Ayesha Abed Library
|c General shelf.
|
| 999 |
|
|
|c 11430
|d 11430
|
| 952 |
|
|
|0 0
|1 0
|2 ddc
|4 0
|6 070_430000000000000_REP
|7 0
|9 18583
|a BRACUL
|b BRACUL
|c GEN
|d 2011-11-19
|g 4448.00
|l 4
|m 16
|o 070.43 REP
|p 3010013305
|r 2024-02-14
|s 2023-10-04
|t 1
|w 2011-11-19
|y BK
|